|
|
|
|
| LEADER |
00000nam0a2200000 4500 |
| 001 |
94025 |
| 005 |
20231031105500.0 |
| 035 |
|
|
|a (RuTPU)RU\TPU\book\100716
|
| 090 |
|
|
|a 94025
|
| 100 |
|
|
|a 20060406d1973 km y0rusy50 ca
|
| 101 |
0 |
|
|a rus
|
| 102 |
|
|
|a RU
|
| 105 |
|
|
|a a z 001zy
|
| 200 |
1 |
|
|a Термо-вязко-упругость и пластичность в нефтепромысловой механике
|f А. Х. Мирзаджанзаде, П. М. Огибалов, З. Б. Керимов
|
| 210 |
|
|
|a Москва
|c Недра
|d 1973
|
| 215 |
|
|
|a 280 с.
|c ил.
|
| 320 |
|
|
|a Библиогр.: с. 268-275.
|
| 610 |
1 |
|
|a горное дело
|
| 610 |
1 |
|
|a нефтяная гидравлика
|
| 610 |
1 |
|
|a нефтепромысловая механика
|
| 610 |
1 |
|
|a упругость
|
| 610 |
1 |
|
|a пластичность
|
| 610 |
1 |
|
|a нефтяные скважины
|
| 610 |
1 |
|
|a газовые скважины
|
| 610 |
1 |
|
|a напряженное состояние
|
| 675 |
|
|
|a 622.323.276
|v 3
|
| 700 |
|
1 |
|a Мирзаджанзаде
|b А. Х.
|g Ават Халилович
|
| 701 |
|
1 |
|a Огибалов
|b П. М.
|g Пётр Матвеевич
|
| 701 |
|
1 |
|a Керимов
|b З. Б.
|g Зайд Бала Оглы
|
| 801 |
|
1 |
|a RU
|b 63413507
|c 20060406
|g PSBO
|
| 801 |
|
2 |
|a RU
|b 63413507
|c 20061017
|g PSBO
|
| 942 |
|
|
|c BK
|